Personnages de Dumbo en images - Disney - Statistiques

Statistiques générales
  • Ce quiz a été pris 19 fois
  • Le résultat moyen est 5 sur 10
Statistiques - réponses
Par images Réponse % Correct
Dumbo
100%
Madame Jumbo
83%
Timothée
83%
Monsieur Cigogne
58%
Monsieur Loyal
50%
Eléphants roses
33%
Jim Crow
33%
Casey Junior
25%
Giddy
0%
Prissy
0%
Aucun quiz correspondant
Distribution des résultats
% des personnes avec chaque résultat
Percentile par nombre de réponses
Votre historique - résultats
Vous n’avez pas pris ce quiz